| 000 | 00760cam a2200193 4500 | ||
|---|---|---|---|
| 001 | WB3729-06 | ||
| 008 | 010724n2001 000 0 eng u | ||
| 035 | _a(Sirsi) u113739 | ||
| 245 | _aBanks clamp down on loan terms? | ||
| 260 | _c2001 | ||
| 490 |
_aEstates Gazette _v(0129) 21 July 2001, 29(1) |
||
| 520 | _aEconomic uncertainty is leading bankers to tighten their terms for commercial property loans. This applies particularly to development lending. In 2000 outstanding loans on commercial property rose by 23% to £93m. | ||
| 590 | _aWB | ||
| 650 | _aPROPERTY LOANS | ||
| 650 | _aINVESTMENT MARKET | ||
| 650 | _aASSOCIATION OF PROPERTY BANKERS | ||
| 690 | _aPROPERTY-COMMERCIAL PROPERTY-COMMERCIAL PROPERTY FINANCE AND INVESTMENT | ||
| 942 | _n0 | ||
| 999 |
_c67766 _d67766 |
||